000 00828 a2200229 4500
005 20080908120720.0
008 080908t xxu||||| |||| 00| 0 eng d
010 _aENG-87614
020 _c525.00
_a0070659680
035 _aEN-71147
037 _bD.B.Act / Pub
082 _a005.133
100 _aSchildt, Herbert
245 _aJava
_cby Herbert Schildt
_ba beginner's guide
250 _a4th ed
260 _aNew Delhi
_bTata McGraw-Hill Publishing
_c2007
270 _a7, West Patel Nagar
_bNew Delhi
_e110008
300 _axxiii, 681 p.
_c24 cm. (Pbk)
500 _aIncludes index
942 _adpl
_cEN
_k005.133 / SCH
_2ddc
_h005.133
_mSCH
999 _c6760
_d6760